000 00292 a2200133 4500
020 _a8131705331
082 _a621.7:744 NOR
245 _aMachine design: An integrated approach
250 _a2/e
260 _bPearson
_c2000
300 _axxv,1078p.
942 _cBK
100 _aNorton Robert. L
999 _c341
_d341